| 000 | 00523nam a2200181Ia 4500 | ||
|---|---|---|---|
| 999 |
_c8732 _d8732 |
||
| 003 | OSt | ||
| 005 | 20201012103548.0 | ||
| 008 | 190216s9999||||xx |||||||||||||| ||und|| | ||
| 040 | _coclc | ||
| 082 |
_a621.38195 _bRAM/F |
||
| 100 |
_aRam, B _91052 |
||
| 245 | 0 |
_aFundamentals Of Microprocessors And Microcomputers / _cB Ram |
|
| 250 | _a4th Ed. | ||
| 260 |
_bDhanpat Rai, _c1986. _aNew Delhi: |
||
| 300 | _a490p | ||
| 650 | _aComputer Science | ||
| 942 |
_cBK _2ddc _h621.38195 _iRAM/F _k621.38195 _mRAM/F |
||